00334nam a2200133Ia 4500008004100000020001500041041001200056082001600068100001700084245005900101260002500160300000800185650000700193221030s9999 xx 000 0 und d a0070992088 aEnglish a105.23bMad aT. S. M. Rao 0aPower System Protection Static Relayscby T. S. M. Rao bTMHaNew Delhic2006 a303 aEE